[Event "British Championship"]
[Site "Torquay"]
[Date "2009.07.31"]
[Round "5.3"]
[White "Gordon, Stephen J"]
[Black "Palliser, Richard"]
[Result "1-0"]
[WhiteElo "2537"]
[BlackElo "2413"]
[PlyCount "65"]
[EventDate "2009.07.27"]
[EventRounds "11"]
[EventCountry "ENG"]
[SourceDate "2009.07.31"]

1. d4 Nf6 2. c4 c5 3. d5 e6 4. Nc3 exd5 5. cxd5 d6 6. e4 g6 7. f4 Bg7 8. Bb5+
Nfd7 9. Nf3 O-O 10. O-O a6 11. Bd3 b5 12. a3 b4 13. axb4 cxb4 14. Na4 Nf6 15.
Be3 Re8 16. Nb6 Ng4 17. Qd2 Nxe3 18. Qxe3 Bb7 19. Nxa8 Bxa8 20. Qa7 Nd7 21.
Bxa6 Nc5 22. Bb5 Rf8 23. e5 Bxd5 24. Rad1 Bxf3 25. Rxf3 Qb8 26. Qxb8 Rxb8 27.
Bc4 dxe5 28. fxe5 Bxe5 29. Rxf7 Kh8 30. b3 Bc3 31. Re7 Bf6 32. Rc7 Bg5 33. Re1
1-0

[Event "British Championship"]
[Site "Torquay"]
[Date "2009.07.31"]
[Round "5.4"]
[White "Wells, Peter K"]
[Black "Rendle, Thomas"]
[Result "1-0"]
[WhiteElo "2498"]
[BlackElo "2377"]
[PlyCount "69"]
[EventDate "2009.07.27"]
[EventRounds "11"]
[EventCountry "ENG"]
[SourceDate "2009.07.31"]

1. d4 f5 2. Nc3 Nf6 3. Bg5 d5 4. Bxf6 exf6 5. e3 Be6 6. Qf3 Nc6 7. Bb5 Qd7 8.
Nge2 a6 9. Ba4 Rd8 10. Nf4 Bb4 11. O-O Bf7 12. Nd3 b5 13. Nxb4 Nxb4 14. Bb3 Nc6
15. a4 b4 16. Na2 Rb8 17. Nc1 g6 18. a5 O-O 19. Nd3 Qd6 20. Nc5 Rb5 21. Ba4
Rxc5 22. dxc5 Qxc5 23. Bxc6 Qxc6 24. Qf4 Rb8 25. Rfc1 Rb5 26. c3 b3 27. Ra4 h5
28. h4 Kg7 29. Rb4 Rxa5 30. Rxb3 Rc5 31. Rd1 Rb5 32. Rxb5 axb5 33. Ra1 Qc4 34.
Qxc4 dxc4 35. Ra7 1-0

[Event "British Championship"]
[Site "Torquay"]
[Date "2009.07.31"]
[Round "5.5"]
[White "Cumbers, Paul"]
[Black "Gormally, Daniel"]
[Result "0-1"]
[WhiteElo "2207"]
[BlackElo "2490"]
[PlyCount "48"]
[EventDate "2009.07.27"]
[EventRounds "11"]
[EventCountry "ENG"]
[SourceDate "2009.07.31"]

1. d4 Nf6 2. c4 e6 3. Nc3 Bb4 4. Qc2 c5 5. dxc5 Qa5 6. Bd2 Na6 7. a3 Nxc5 8.
O-O-O Bxc3 9. Bxc3 Qc7 10. f3 d6 11. b4 Ncd7 12. e4 O-O 13. Qd3 d5 14. exd5
exd5 15. c5 a5 16. bxa5 Nxc5 17. Qc2 Bd7 18. Bb4 Rfc8 19. Kb1 Ba4 20. Qd2 Bxd1
21. Qxd1 Nb3 22. Bd3 Nxa5 23. Ne2 Nc4 24. Qb3 Rxa3 0-1

[Event "British Championship"]
[Site "Torquay"]
[Date "2009.07.31"]
[Round "5.6"]
[White "Storey, Charles"]
[Black "Hebden, Mark"]
[Result "0-1"]
[WhiteElo "2279"]
[BlackElo "2468"]
[PlyCount "102"]
[EventDate "2009.07.27"]
[EventRounds "11"]
[EventCountry "ENG"]
[SourceDate "2009.07.31"]

1. b3 e5 2. Bb2 d6 3. g3 c5 4. Bg2 Nc6 5. e3 Nf6 6. Ne2 Bf5 7. d3 d5 8. Nd2 Qd7
9. h3 O-O-O 10. g4 Be6 11. f4 exf4 12. Nxf4 d4 13. exd4 Bd6 14. O-O Bxf4 15.
Rxf4 h5 16. dxc5 hxg4 17. Nc4 gxh3 18. Bf3 Qc7 19. Nd6+ Rxd6 20. cxd6 Qxd6 21.
Qd2 Nd5 22. Rg4 Bxg4 23. Bxg4+ Kc7 24. Kh1 f6 25. Bf3 Nde7 26. Rg1 g5 27. Rxg5
fxg5 28. Bxh8 Ng6 29. Bc3 Nge5 30. Qe2 Nd4 31. Bxd4 Qxd4 32. Qe4 Nxf3 33. Qxf3
g4 34. Qf7+ Kc6 35. Qe8+ Qd7 36. Qxd7+ Kxd7 37. Kh2 Ke6 38. Kg3 Ke5 39. c3 Kd5
40. a4 a5 41. Kh2 Kd6 42. Kg3 Ke5 43. b4 axb4 44. cxb4 Kd5 45. a5 Kd4 46. Kh2
Ke3 47. b5 Kf3 48. a6 g3+ 49. Kg1 h2+ 50. Kh1 g2+ 51. Kxh2 Kf2 0-1

[Event "British Championship"]
[Site "Torquay"]
[Date "2009.07.31"]
[Round "5.7"]
[White "Constantinou, Peter"]
[Black "Conquest, Stuart"]
[Result "1/2-1/2"]
[WhiteElo "2264"]
[BlackElo "2572"]
[PlyCount "86"]
[EventDate "2009.07.27"]
[EventRounds "11"]
[EventCountry "ENG"]
[SourceDate "2009.07.31"]

1. d4 Nf6 2. Nf3 d6 3. c3 Nbd7 4. Nbd2 g6 5. e4 Bg7 6. Be2 O-O 7. O-O c6 8. Qc2
Qc7 9. a4 Re8 10. Rd1 b6 11. b4 c5 12. bxc5 bxc5 13. d5 Rb8 14. Bb5 a6 15. Bc6
Bb7 16. Bxd7 Qxd7 17. Nc4 Qg4 18. Ncd2 Ba8 19. h3 Qd7 20. Nc4 Qb7 21. Bf4 Qb3
22. Qd3 Nh5 23. Bd2 Qb7 24. a5 Qc7 25. Rab1 Red8 26. Rb6 Bb7 27. Rdb1 Nf6 28.
Bf4 Nd7 29. R6b3 Ba8 30. Nb6 c4 31. Qxc4 Qxc4 32. Nxc4 Rxb3 33. Rxb3 Nc5 34.
Rb6 Nxe4 35. Rxa6 Bxd5 36. Nb6 Nc5 37. Ra7 Bxf3 38. gxf3 Bxc3 39. Nd5 Bb2 40.
Nxe7+ Kg7 41. Nc6 Rc8 42. Ne7 Rd8 43. Nc6 Rc8 1/2-1/2

[Event "British Championship"]
[Site "Torquay"]
[Date "2009.07.31"]
[Round "5.8"]
[White "Williams, Simon Kim"]
[Black "Ross, Chris"]
[Result "1-0"]
[WhiteElo "2527"]
[BlackElo "2203"]
[PlyCount "69"]
[EventDate "2009.07.27"]
[EventRounds "11"]
[EventCountry "ENG"]
[SourceDate "2009.07.31"]

1. c4 e6 2. Nc3 d5 3. d4 Nf6 4. Nf3 Nbd7 5. Bf4 dxc4 6. e3 Nb6 7. Bxc4 Nxc4 8.
Qa4+ Bd7 9. Qxc4 Bd6 10. Bg5 O-O 11. O-O Be7 12. Ne5 Ne8 13. Bxe7 Qxe7 14. Ne4
Rc8 15. Rfc1 Nd6 16. Qb4 Rfd8 17. a4 Kf8 18. Nc5 Be8 19. a5 a6 20. Ra3 Bb5 21.
Rac3 Ne4 22. R3c2 Rd5 23. Qb3 Nxc5 24. Rxc5 Rxc5 25. Rxc5 Rd8 26. Qc2 f6 27.
Rxc7 Qb4 28. Nf3 Qxa5 29. Qc5+ Kg8 30. h4 Rd7 31. Rc8+ Rd8 32. Qe7 Rxc8 33.
Qxe6+ Kf8 34. Qxc8+ Kf7 35. Qxb7+ 1-0

[Event "British Championship"]
[Site "Torquay"]
[Date "2009.07.31"]
[Round "5.9"]
[White "Sugden, John N"]
[Black "Greet, Andrew"]
[Result "1/2-1/2"]
[WhiteElo "2217"]
[BlackElo "2443"]
[PlyCount "119"]
[EventDate "2009.07.27"]
[EventRounds "11"]
[EventCountry "ENG"]
[SourceDate "2009.07.31"]

1. e4 e5 2. Nf3 Nc6 3. Bb5 Nf6 4. O-O Nxe4 5. d4 Nd6 6. Bxc6 dxc6 7. dxe5 Nf5
8. Qxd8+ Kxd8 9. b3 a5 10. Nc3 Bb4 11. Bb2 Bxc3 12. Bxc3 c5 13. Rad1+ Ke8 14.
Rfe1 Be6 15. h3 a4 16. Rd2 Ne7 17. Red1 h6 18. Bb2 Nc6 19. Ne1 Ke7 20. Nd3 b6
21. c4 Rhd8 22. Nc1 Rxd2 23. Rxd2 h5 24. f3 h4 25. Kf2 Bf5 26. Ke3 Rh8 27. Ne2
axb3 28. axb3 Na5 29. Nc1 Rh5 30. Bc3 Nc6 31. Ne2 Be6 32. f4 Ke8 33. Ng1 Ne7
34. Nf3 Nf5+ 35. Kd3 Bd7 36. Ra2 Bc6 37. Ng5 Nh6 38. b4 cxb4 39. Bxb4 f6 40.
Ne6 Nf5 41. Nxc7+ Kd7 42. Nd5 fxe5 43. fxe5 Rg5 44. Be1 Ke6 45. Ke4 Ne7 46.
Bxh4 Nxd5 47. cxd5+ Bxd5+ 48. Kd3 Rh5 49. Ra4 Bxg2 50. Bd8 Rxh3+ 51. Kc2 Rh2
52. Kc3 Rh3+ 53. Kd2 b5 54. Rg4 Bf1 55. Bc7 Rd3+ 56. Ke1 Rd7 57. Bd6 Bc4 58.
Bf8 Kxe5 59. Rxg7 Bf7 60. Rg5+ 1/2-1/2

[Event "British Championship"]
[Site "Torquay"]
[Date "2009.07.31"]
[Round "5.10"]
[White "Buckley, Graeme"]
[Black "Gill, Neville"]
[Result "1-0"]
[WhiteElo "2398"]
[BlackElo "2111"]
[PlyCount "91"]
[EventDate "2009.07.27"]
[EventRounds "11"]
[EventCountry "ENG"]
[SourceDate "2009.07.31"]

1. d4 d5 2. c4 e6 3. Nf3 Nf6 4. Nc3 c5 5. e3 Nc6 6. a3 cxd4 7. exd4 Be7 8. Bd3
dxc4 9. Bxc4 O-O 10. O-O a6 11. Re1 b5 12. Ba2 Bb7 13. Bg5 b4 14. axb4 Nxb4 15.
Bb1 Nfd5 16. Bd2 Qc7 17. Ne5 Rac8 18. Qh5 g6 19. Qh3 Bf6 20. Ra3 Rfd8 21. Nxd5
Nxd5 22. Ba5 Qc1 23. Nd3 Qc6 24. Bxd8 Rxd8 25. Qg4 Ne7 26. Ne5 Qb6 27. Rd3 Nf5
28. Red1 Qb5 29. R3d2 Qd5 30. Nf3 Kg7 31. h4 h5 32. Qf4 Rc8 33. Re1 Nd6 34. Re5
Rc1+ 35. Kh2 Qc6 36. Rc5 Rxc5 37. dxc5 Nb5 38. b4 Nc3 39. Rd6 Qa4 40. Bd3 Nd5
41. Qg3 Be7 42. Rxe6 Bd8 43. Rxg6+ fxg6 44. Qxg6+ Kf8 45. Ne5 Qe8 46. Qh6+ 1-0

[Event "British Championship"]
[Site "Torquay"]
[Date "2009.07.31"]
[Round "5.11"]
[White "Varnam, Liam"]
[Black "Houska, Jovanka"]
[Result "0-1"]
[WhiteElo "2167"]
[BlackElo "2392"]
[PlyCount "120"]
[EventDate "2009.07.27"]
[EventRounds "11"]
[EventCountry "ENG"]
[SourceDate "2009.07.31"]

1. e4 c6 2. d4 d5 3. Nc3 dxe4 4. Nxe4 Bf5 5. Ng3 Bg6 6. Nf3 Nd7 7. h4 h6 8. h5
Bh7 9. Bd3 Bxd3 10. Qxd3 e6 11. Bf4 Qa5+ 12. Bd2 Bb4 13. Qb3 Bxd2+ 14. Nxd2
Ngf6 15. O-O-O O-O 16. Nge4 c5 17. g4 cxd4 18. Rdg1 Nxe4 19. Nxe4 Qe5 20. f3
Nf6 21. Nxf6+ Qxf6 22. Qd3 Rac8 23. Re1 Rc5 24. Re4 Rfc8 25. Rh2 e5 26. Rhe2
Qg5+ 27. Kb1 Qh4 28. a3 Qh1+ 29. Re1 Qh2 30. R1e2 Qg1+ 31. Re1 Qg3 32. R1e2 a5
33. a4 b6 34. Qb3 R8c6 35. Qd3 Rf6 36. f4 Qxd3 37. cxd3 Rxf4 38. Rxf4 exf4 39.
Rf2 f5 40. Rxf4 fxg4 41. Rxg4 Rxh5 42. Rxd4 b5 43. b3 bxa4 44. bxa4 Re5 45. Rh4
Kh7 46. d4 Re2 47. Kc1 g5 48. Rg4 Re6 49. Kd2 Rd6 50. Kd3 Kg6 51. Kc4 h5 52.
Rg1 g4 53. Kc5 Rd8 54. d5 Kg5 55. d6 h4 56. Kc6 h3 57. Kc7 Rh8 58. Re1 h2 59.
d7 g3 60. Kd6 Rd8 0-1

[Event "British Championship"]
[Site "Torquay"]
[Date "2009.07.31"]
[Round "5.12"]
[White "Kolbus, Dietmar"]
[Black "Salimbeni, George"]
[Result "1-0"]
[WhiteElo "2383"]
[BlackElo "2115"]
[PlyCount "157"]
[EventDate "2009.07.27"]
[EventRounds "11"]
[EventCountry "ENG"]
[SourceDate "2009.07.31"]

1. Nf3 Nf6 2. b3 g6 3. Bb2 Bg7 4. c4 O-O 5. g3 d5 6. Bg2 c6 7. O-O Nbd7 8. Qc2
Re8 9. Ne5 Nxe5 10. Bxe5 Bf5 11. d3 Qd7 12. Nd2 Bh3 13. Nf3 Bxg2 14. Kxg2 c5
15. cxd5 Qxd5 16. Qc4 Red8 17. Rac1 b6 18. Bxf6 Bxf6 19. Qxd5 Rxd5 20. Rc2 Re8
21. Rfc1 e5 22. Rc4 Bg7 23. b4 cxb4 24. Rxb4 f5 25. Kf1 e4 26. Ne1 Bd4 27. Rbc4
Bc5 28. a4 a5 29. f3 exd3 30. Nxd3 Be3 31. R1c2 b5 32. axb5 Rxb5 33. h4 Rb1+
34. Kg2 Rg1+ 35. Kh2 Ra1 36. f4 a4 37. Ne5 a3 38. Ra4 Bc1 39. Rc7 Bb2 40. Raa7
Bxe5 41. fxe5 a2 42. Rg7+ Kh8 43. Rxh7+ Kg8 44. Rhg7+ Kh8 45. Rgc7 Rb1 46. Rxa2
Rb5 47. Raa7 Rbxe5 48. Rh7+ Kg8 49. Rag7+ Kf8 50. Rxg6 Rxe2+ 51. Kh3 R8e6 52.
Rxe6 Rxe6 53. Kg2 Re3 54. Kf2 f4 55. gxf4 Ra3 56. Kg2 Kg8 57. Rd7 Rb3 58. Rd5
Kg7 59. Rg5+ Kh6 60. Rg3 Rb4 61. Rf3 Kh5 62. Kg3 Ra4 63. Re3 Ra1 64. Re5+ Kg6
65. h5+ Kh6 66. Rd5 Rg1+ 67. Kf3 Rf1+ 68. Ke4 Re1+ 69. Kd4 Rf1 70. Rf5 Re1 71.
Kd5 Rd1+ 72. Ke6 Re1+ 73. Kd6 Rd1+ 74. Ke7 Re1+ 75. Re5 Rf1 76. Rf5 Re1+ 77.
Kf7 Re2 78. Re5 Rf2 79. f5 1-0

[Event "British Championship"]
[Site "Torquay"]
[Date "2009.07.31"]
[Round "5.13"]
[White "Surtees, Michael"]
[Black "Lane, Gary"]
[Result "0-1"]
[WhiteElo "2149"]
[BlackElo "2379"]
[PlyCount "50"]
[EventDate "2009.07.27"]
[EventRounds "11"]
[EventCountry "ENG"]
[SourceDate "2009.07.31"]

1. e4 e5 2. a3 Nf6 3. d3 d5 4. f4 Nc6 5. fxe5 Nxe5 6. d4 Neg4 7. exd5 Nxd5 8.
Qe2+ Be7 9. h3 Ngf6 10. c4 Nb6 11. Nf3 O-O 12. Kf2 Re8 13. Qc2 Nh5 14. g4 Bh4+
15. Kg2 Qd6 16. Kg1 Ng3 17. Rh2 Nxf1 18. Kxf1 Qg3 19. Nbd2 Re1+ 20. Nxe1 Qxh2
21. Ndf3 Qxh3+ 22. Qg2 Bxg4 23. b3 Re8 24. Bf4 Bxe1 25. Rxe1 Qxg2+ 0-1

[Event "British Championship"]
[Site "Torquay"]
[Date "2009.07.31"]
[Round "5.14"]
[White "Hawkins, Jonathan"]
[Black "Sen, Subin"]
[Result "1-0"]
[WhiteElo "2325"]
[BlackElo "2093"]
[PlyCount "41"]
[EventDate "2009.07.27"]
[EventRounds "11"]
[EventCountry "ENG"]
[SourceDate "2009.07.31"]

1. d4 Nf6 2. c4 g6 3. Nc3 d5 4. cxd5 Nxd5 5. e4 Nxc3 6. bxc3 Bg7 7. Bc4 c5 8.
Be3 O-O 9. Ne2 Nc6 10. Rc1 cxd4 11. cxd4 Qa5+ 12. Kf1 Qa3 13. Rc3 Qd6 14. h4
Rd8 15. h5 Nxd4 16. Nxd4 Bxd4 17. hxg6 hxg6 18. Rd3 e5 19. Qf3 Rd7 20. Bg5 Kg7
21. Qh3 1-0

[Event "British Championship"]
[Site "Torquay"]
[Date "2009.07.31"]
[Round "5.15"]
[White "Briscoe, Christopher"]
[Black "Jones, William EG"]
[Result "1/2-1/2"]
[WhiteElo "2268"]
[BlackElo "2052"]
[PlyCount "54"]
[EventDate "2009.07.27"]
[EventRounds "11"]
[EventCountry "ENG"]
[SourceDate "2009.07.31"]

1. d4 Nf6 2. Bg5 e6 3. e4 h6 4. Bxf6 Qxf6 5. c3 d5 6. Nd2 c5 7. Ngf3 cxd4 8.
Nxd4 Nc6 9. Bb5 e5 10. exd5 exd4 11. O-O Be7 12. dxc6 O-O 13. Qf3 Qxf3 14. Nxf3
dxc3 15. bxc3 bxc6 16. Bxc6 Rb8 17. Ne5 Bf6 18. Rfe1 Be6 19. Rac1 Rb6 20. Ba4
Rd8 21. h3 Rd2 22. Rc2 Rxc2 23. Bxc2 Rb5 24. Nc6 Rc5 25. Nxa7 Ra5 26. Nc6 Rxa2
27. Bb1 Rd2 1/2-1/2

[Event "British Championship"]
[Site "Torquay"]
[Date "2009.07.31"]
[Round "5.16"]
[White "Eden, Tomer"]
[Black "Arkell, Keith C"]
[Result "1/2-1/2"]
[WhiteElo "2157"]
[BlackElo "2521"]
[PlyCount "70"]
[EventDate "2009.07.27"]
[EventRounds "11"]
[EventCountry "ENG"]
[SourceDate "2009.07.31"]

1. d4 Nf6 2. c4 e6 3. Nc3 Bb4 4. e3 b6 5. Bd3 Bb7 6. Nf3 O-O 7. O-O d5 8. a3
Be7 9. Qe2 Ne4 10. Rd1 Nd7 11. Nd2 Nxd2 12. Bxd2 Nf6 13. b4 Ne4 14. Nxe4 dxe4
15. Bc2 f5 16. g3 Bf6 17. Bb3 Kh8 18. Bc3 Qe7 19. Qb2 Rfd8 20. Rd2 h5 21. Kf1
h4 22. Ke2 Qf7 23. Kd1 c5 24. Kc2 cxd4 25. Bxd4 Rac8 26. Rad1 Ba6 27. Kb1 e5
28. Bxe5 Rxd2 29. Rxd2 Bxe5 30. Qxe5 Bxc4 31. Rc2 hxg3 32. hxg3 a6 33. Bxc4
Rxc4 34. Rxc4 Qxc4 35. Qe8+ Kh7 1/2-1/2

[Event "British Championship"]
[Site "Torquay"]
[Date "2009.07.31"]
[Round "5.17"]
[White "Khandelwal, Ankush"]
[Black "Cobb, James"]
[Result "0-1"]
[WhiteElo "2160"]
[BlackElo "2432"]
[PlyCount "82"]
[EventDate "2009.07.27"]
[EventRounds "11"]
[EventCountry "ENG"]
[SourceDate "2009.07.31"]

1. e4 e6 2. d4 d5 3. Nd2 Be7 4. Ngf3 Nf6 5. e5 Nfd7 6. Bd3 c5 7. c3 Nc6 8. O-O
g5 9. dxc5 g4 10. Nd4 Ncxe5 11. Bb5 Bxc5 12. f4 Nc6 13. N2b3 Bxd4+ 14. cxd4 f5
15. Nc5 Kf7 16. Bxc6 bxc6 17. Qa4 Nf6 18. Bd2 Bd7 19. Ba5 Qc8 20. Qa3 Rb8 21.
Be1 Ne4 22. Nd3 c5 23. Bh4 Bb5 24. Ne5+ Kg7 25. Rfc1 Qa6 26. Qe3 c4 27. a4 Be8
28. Qa3 Qd6 29. Qa2 Qb6 30. Rab1 Qxd4+ 31. Kh1 Rb3 32. Rf1 a5 33. Qa1 Rb4 34.
Rbe1 Qxb2 35. Qd1 Bxa4 36. Qa1 Qxa1 37. Rxa1 d4 38. Be7 Rhb8 39. Rfc1 Nf2+ 40.
Kg1 Nd3 41. Nxd3 cxd3 0-1

[Event "British Championship"]
[Site "Torquay"]
[Date "2009.07.31"]
[Round "5.18"]
[White "Warman, Simon M"]
[Black "Littlewood, Paul E"]
[Result "0-1"]
[WhiteElo "2156"]
[BlackElo "2358"]
[PlyCount "106"]
[EventDate "2009.07.27"]
[EventRounds "11"]
[EventCountry "ENG"]
[SourceDate "2009.07.31"]

1. e4 e5 2. Nf3 Nc6 3. Bb5 a6 4. Ba4 Nf6 5. O-O Be7 6. Re1 b5 7. Bb3 d6 8. c3
O-O 9. h3 Na5 10. Bc2 c5 11. d4 cxd4 12. cxd4 Bb7 13. dxe5 dxe5 14. Qxd8 Rfxd8
15. Nc3 Rac8 16. a3 Nd7 17. Bg5 f6 18. Be3 Kf8 19. Rad1 Nc4 20. Bc1 Nxa3 21.
Bb3 Nc4 22. Nd5 Bxd5 23. Rxd5 Ndb6 24. Rxd8+ Rxd8 25. Nh4 Bb4 26. Rd1 Rxd1+ 27.
Bxd1 Bd2 28. Bxd2 Nxd2 29. Nf3 Nxf3+ 30. gxf3 Ke7 31. Kf1 Kd6 32. b4 Nd7 33.
Ke2 Nf8 34. Kd2 Ne6 35. Be2 Ng5 36. h4 Ne6 37. f4 exf4 38. Bg4 g6 39. h5 gxh5
40. Bxh5 Nd4 41. Kd3 Nc6 42. Kc3 Ne5 43. Kd4 h6 44. Kc3 Nc6 45. Be8 Nd8 46. Bh5
Ke5 47. f3 Nc6 48. Bg4 Nd4 49. Kd3 f5 50. exf5 Nxf5 51. Kc3 Ne7 52. Bh5 Nd5+
53. Kb3 Nf6 0-1

[Event "British Championship"]
[Site "Torquay"]
[Date "2009.07.31"]
[Round "5.19"]
[White "Griffiths, Ryan-Rhys"]
[Black "Eggleston, David"]
[Result "0-1"]
[WhiteElo "2137"]
[BlackElo "2341"]
[PlyCount "42"]
[EventDate "2009.07.27"]
[EventRounds "11"]
[EventCountry "ENG"]
[SourceDate "2009.07.31"]

1. e4 c5 2. Nc3 d6 3. Nf3 Nf6 4. d4 cxd4 5. Nxd4 a6 6. Bg5 Nbd7 7. f4 Qc7 8.
Qf3 h6 9. Bh4 g5 10. fxg5 hxg5 11. Bxg5 Qc5 12. Qe3 Ng4 13. Qd2 Bg7 14. Nf5
Bxc3 15. Qxc3 Qf2+ 16. Kd1 Rxh2 17. Bh4 Rxh4 18. Nxh4 Ne3+ 19. Kc1 Nxf1 20. Nf5
Nf6 21. Qf3 Qd2+ 0-1

[Event "British Championship"]
[Site "Torquay"]
[Date "2009.07.31"]
[Round "5.20"]
[White "Adair, James"]
[Black "Sowray, Peter J"]
[Result "0-1"]
[WhiteElo "2124"]
[BlackElo "2335"]
[PlyCount "150"]
[EventDate "2009.07.27"]
[EventRounds "11"]
[EventCountry "ENG"]
[SourceDate "2009.07.31"]

1. e4 e5 2. Nf3 Nc6 3. Bb5 a6 4. Ba4 Nf6 5. O-O Be7 6. Qe2 b5 7. Bb3 d6 8. c3
O-O 9. Rd1 Na5 10. Bc2 c5 11. d4 Qc7 12. d5 Bd7 13. b3 Nb7 14. Nbd2 Rfb8 15. h3
g6 16. Nh2 Nd8 17. Ndf1 Nh5 18. Ng4 f6 19. a4 Nf7 20. a5 Rf8 21. Ng3 Nf4 22.
Qf1 Qc8 23. f3 Kh8 24. Ne2 f5 25. Nf2 Nxe2+ 26. Qxe2 f4 27. Nd3 g5 28. Kf2 h5
29. Rh1 Kg7 30. Ke1 c4 31. bxc4 Qxc4 32. Bd2 Rfc8 33. Nb4 Qc7 34. Rg1 Qc5 35.
Qf2 Kf6 36. Nd3 Qxf2+ 37. Kxf2 Nd8 38. Ra2 Nb7 39. Rga1 Bd8 40. Ke2 Bc7 41. Be1
Rg8 42. Bf2 g4 43. hxg4 hxg4 44. Ne1 Rh8 45. Bd3 gxf3+ 46. gxf3 Rh2 47. Bc2 Nc5
48. Rb1 Rg8 49. Nd3 Rgg2 50. Rf1 Nxd3 51. Bxd3 Bb8 52. Ke1 Kf7 53. c4 Ba7 54.
Re2 bxc4 55. Bxc4 Bb5 56. Bxa7 Rxe2+ 57. Bxe2 Rxe2+ 58. Kd1 Ra2 59. Rf2 Rxa5
60. Bb6 Ra3 61. Kc1 Ra1+ 62. Kd2 a5 63. Kc3 a4 64. Rb2 Be8 65. Bd8 Ra3+ 66. Kc2
Rxf3 67. Rb7+ Kg8 68. Be7 Re3 69. Bxd6 f3 70. Rb8 Kf7 71. Rb1 Rxe4 72. Rf1 Re2+
73. Kc3 e4 74. Kd4 Bb5 75. Ke5 Rc2 0-1

[Event "British Championship"]
[Site "Torquay"]
[Date "2009.07.31"]
[Round "5.21"]
[White "Lewis, Andrew P"]
[Black "Shaw, Peter"]
[Result "1/2-1/2"]
[WhiteElo "2281"]
[BlackElo "2123"]
[PlyCount "63"]
[EventDate "2009.07.27"]
[EventRounds "11"]
[EventCountry "ENG"]
[SourceDate "2009.07.31"]

1. c4 b6 2. Nc3 Bb7 3. e4 e6 4. Nge2 Nf6 5. d3 c5 6. g3 d5 7. exd5 exd5 8. Bg2
Qd7 9. O-O d4 10. Ne4 Nxe4 11. dxe4 Bd6 12. Nf4 Bxf4 13. Bxf4 O-O 14. Qh5 Qe6
15. b3 Nd7 16. Rae1 Rae8 17. Bh3 Nf6 18. Qh4 Qc6 19. f3 Bc8 20. Bg2 Nd7 21. e5
f6 22. exf6 Nxf6 23. Be5 Bb7 24. Qg5 Qd7 25. h4 Qf7 26. Bh3 Nd7 27. Bxg7 Qxg7
28. Rxe8 Rxe8 29. Bxd7 Qxg5 30. hxg5 Re5 31. Kf2 Rxg5 32. Re1 1/2-1/2

[Event "British Championship"]
[Site "Torquay"]
[Date "2009.07.31"]
[Round "5.22"]
[White "Bonafont, Philip"]
[Black "Hanley, James L"]
[Result "1/2-1/2"]
[WhiteElo "2124"]
[BlackElo "2277"]
[PlyCount "77"]
[EventDate "2009.07.27"]
[EventRounds "11"]
[EventCountry "ENG"]
[SourceDate "2009.07.31"]

1. d4 Nf6 2. Nf3 e6 3. c4 b6 4. g3 Bb7 5. Bg2 Be7 6. O-O O-O 7. d5 exd5 8. Nh4
c6 9. cxd5 Nxd5 10. Nf5 Bf6 11. e4 Ne7 12. Nd6 Ba6 13. Re1 Nc8 14. e5 Nxd6 15.
exd6 Bc4 16. Nc3 Na6 17. Qa4 Bd3 18. Be3 Nc5 19. Qa3 Bg6 20. Bxc5 bxc5 21. Qxc5
Qb6 22. Na4 Qa6 23. Nc3 Rab8 24. b3 Qd3 25. Rac1 Bd4 26. Qc4 Qd2 27. Ne2 Rb4
28. Red1 Rxc4 29. Rxd2 Rxc1+ 30. Nxc1 Bc3 31. Re2 Bb4 32. Bh3 f5 33. Re7 Rf7
34. Re8+ Rf8 35. Re7 Rd8 36. Re5 Bxd6 37. Ra5 Re8 38. Nd3 Re2 39. Bf1 1/2-1/2

[Event "British Championship"]
[Site "Torquay"]
[Date "2009.07.31"]
[Round "5.23"]
[White "Zhou, Yang Fan"]
[Black "Smith, Graham M"]
[Result "1-0"]
[WhiteElo "2265"]
[BlackElo "2119"]
[PlyCount "82"]
[EventDate "2009.07.27"]
[EventRounds "11"]
[EventCountry "ENG"]
[SourceDate "2009.07.31"]

1. e4 c5 2. Nf3 e6 3. d4 cxd4 4. Nxd4 Nc6 5. Nc3 Qc7 6. Be3 a6 7. Bd3 b5 8. O-O
Bb7 9. Nb3 d6 10. f4 Nf6 11. Qf3 Be7 12. Rae1 Nb4 13. a3 Nxd3 14. cxd3 Rc8 15.
Qg3 h5 16. Rc1 Qd7 17. Na5 Ba8 18. h3 h4 19. Qf2 d5 20. e5 Nh5 21. Ne2 O-O 22.
Nb3 Rxc1 23. Rxc1 Rc8 24. Nc5 Qc6 25. b4 g6 26. Nd4 Qb6 27. Kh2 Ng3 28. Rc3 Bc6
29. Ndb3 Nf5 30. Bd4 Be8 31. Qc2 Rc6 32. Bf2 f6 33. Nd4 Nxd4 34. Bxd4 fxe5 35.
Bxe5 Bxc5 36. bxc5 Qd8 37. Qf2 g5 38. d4 Bh5 39. fxg5 Qxg5 40. Bf6 Qf5 41. Qxh4
Rc7 1-0

[Event "British Championship"]
[Site "Torquay"]
[Date "2009.07.31"]
[Round "5.24"]
[White "White, Michael"]
[Black "Galliano, Alex"]
[Result "1/2-1/2"]
[WhiteElo "2259"]
[BlackElo "2050"]
[PlyCount "131"]
[EventDate "2009.07.27"]
[EventRounds "11"]
[EventCountry "ENG"]
[SourceDate "2009.07.31"]

1. e4 c5 2. Nf3 e6 3. d4 cxd4 4. Nxd4 Nc6 5. Nc3 Qc7 6. Be3 a6 7. a3 Nf6 8. Be2
b5 9. Nxc6 dxc6 10. O-O Bb7 11. f4 c5 12. e5 b4 13. axb4 cxb4 14. exf6 bxc3 15.
bxc3 gxf6 16. Bf3 Bc5 17. Bxc5 Qxc5+ 18. Kh1 Bxf3 19. Qxf3 O-O 20. f5 Qxf5 21.
Qxf5 exf5 22. Rxf5 Rfc8 23. Ra3 Rc6 24. Rfa5 Re8 25. h3 Ree6 26. Kh2 Kg7 27.
R5a4 Re3 28. Rxa6 Rxa6 29. Rxa6 Rxc3 30. Ra2 Kg6 31. Kg1 Kg5 32. Kf2 Kg6 33.
Rb2 Kg7 34. Ke1 Rg3 35. Kf2 Rc3 36. Ke1 Rg3 37. c4 Rc3 38. Rb4 Kg6 39. Kf2 Kg7
40. Ke2 Rg3 41. Kf2 Rc3 42. Ra4 Kg6 43. Ke1 Kg7 44. h4 Rg3 45. Kf2 Rc3 46. g4
f5 47. g5 f4 48. Ke2 f3+ 49. Kf2 h6 50. gxh6+ Kxh6 51. Kg3 Kg6 52. Ra6+ f6 53.
Rc6 f2+ 54. Kxf2 Rh3 55. c5 Rxh4 56. Rc8 Kf7 57. Ke3 Ke7 58. Rc6 Rg4 59. Kd3
Rh4 60. Rd6 Ra4 61. Kc3 Rh4 62. Rd1 f5 63. Kb3 Rg4 64. c6 Rg6 65. Rd5 Rxc6 66.
Rxf5 1/2-1/2

[Event "British Championship"]
[Site "Torquay"]
[Date "2009.07.31"]
[Round "5.25"]
[White "Hegarty, Sarah"]
[Black "Ynojosa, Felix"]
[Result "0-1"]
[WhiteElo "2098"]
[BlackElo "2188"]
[PlyCount "82"]
[EventDate "2009.07.27"]
[EventRounds "11"]
[EventCountry "ENG"]
[SourceDate "2009.07.31"]

1. e4 c5 2. c3 Nf6 3. e5 Nd5 4. d4 cxd4 5. Nf3 Nc6 6. Bc4 Nb6 7. Bb3 d5 8. cxd4
Bg4 9. Be3 e6 10. h3 Bh5 11. Nbd2 Be7 12. a3 Bg6 13. Bc2 Bxc2 14. Qxc2 Rc8 15.
Qd3 O-O 16. O-O a5 17. Rac1 a4 18. Qb5 Ra8 19. Rc2 f6 20. Rd1 f5 21. g3 g5 22.
Nb1 f4 23. gxf4 gxf4 24. Bc1 Kh8 25. Kh2 Rg8 26. Qd3 Qf8 27. Nc3 Qh6 28. Ne2
Raf8 29. Bd2 Nc4 30. Rxc4 dxc4 31. Qxc4 Qg6 32. Rg1 Qe4 33. Rxg8+ Rxg8 34. Neg1
Qf5 35. Ne2 Qe4 36. Neg1 Qg6 37. Qf1 Qf5 38. Qc1 Bg5 39. Ne2 Qe4 40. Nxg5 Rxg5
41. Nxf4 Nxd4 0-1

[Event "British Championship"]
[Site "Torquay"]
[Date "2009.07.31"]
[Round "5.27"]
[White "Lalic, Susan"]
[Black "Tunks, Dominic"]
[Result "1-0"]
[WhiteElo "2334"]
[BlackElo "2083"]
[PlyCount "53"]
[EventDate "2009.07.27"]
[EventRounds "11"]
[EventCountry "ENG"]
[SourceDate "2009.07.31"]

1. e4 e6 2. d4 d5 3. Nc3 Nc6 4. Nf3 Bb4 5. e5 Nge7 6. a3 Bxc3+ 7. bxc3 Na5 8.
Bd3 b6 9. O-O Bb7 10. a4 Qd7 11. Nd2 O-O-O 12. Bb5 Bc6 13. Ba3 Nf5 14. Bb4 Nc4
15. Ba6+ Kb8 16. a5 f6 17. axb6 cxb6 18. Nxc4 dxc4 19. Bxc4 Bxg2 20. Qg4 Bb7
21. Qe2 Nh4 22. f3 f5 23. Bd6+ Ka8 24. Rxa7+ Kxa7 25. Ra1+ Ba6 26. Bxa6 Qf7 27.
Bc8# 1-0